| 000 | 00374nam a2200145Ia 4500 | ||
|---|---|---|---|
| 008 | 230917s9999||||xx |||||||||||||| ||und|| | ||
| 040 |
_e42362 _aMAIN |
||
| 041 | _aEnglish | ||
| 082 | _a942.082 T199H | ||
| 100 | _aTawney, R H | ||
| 245 | 0 | _aHistory and society: essays by R. H Tawney | |
| 260 |
_aLondon _bRoutledge & Kegan Paul _c1978 |
||
| 300 | _a260 p. | ||
| 942 | _cBK | ||
| 999 |
_c194007 _d194007 |
||